000 00592 a2200181 4500
999 _c2164
_d2164
020 _a9788122425925
050 _aHC440.5 RAN 2010
100 _aRangaswamy, R.
_eauthor
245 _aA Textbook of agricultural statistics /
_cR. Rangaswamy
250 _a2nd ed.
264 _aNew Delhi :
_bNew Age International Publishers,
_cc2010
300 _a531p. :
500 _aIncludes index
650 _aAgriculture -- India
_xStatistical services
650 _aManufactures -- India
_xStatistical services
650 _aAgriculture -- India
_xStatistics
942 _2lcc
_cBK
_e2nd ed.
_h440.5
_iRAN
_kHC